[Event "CZE-chT2D 1617"]
[Site "Czech Republic"]
[Date "2017.01.29"]
[Round "7.7"]
[White "Nespurek, Petr"]
[Black "Ambroz, Antonin"]
[Result "1/2-1/2"]
[WhiteElo "1780"]
[BlackElo "1993"]
[PlyCount "55"]
[EventDate "2016.10.09"]
[EventType "team-tourn"]
[EventRounds "11"]
[EventCountry "CZE"]
[SourceTitle "EXT 2022"]
[Source "ChessBase"]
[SourceDate "2021.10.06"]
[SourceVersion "1"]
[SourceVersionDate "2021.10.06"]
[SourceQuality "1"]
[WhiteTeam "Polabiny III"]
[BlackTeam "Lanskroun"]
[WhiteTeamCountry "CZE"]
[BlackTeamCountry "CZE"]

1. e4 e5 2. Nf3 Nc6 3. Bc4 Nf6 4. d3 Be7 5. Nc3 d6 6. h3 Na5 7. Bb3 c6 8. 0-0 0-0 9. Re1 Qc7 10. Bd2 Nxb3 11. axb3 a6 12. Ne2 Re8 13. Ng3 d5 14. Bc3 d4 15. Bd2 Kh8 16. Qe2 Bd6 17. Nh4 Ng8 18. Nhf5 g6 19. Nxd6 Qxd6 20. Qf3 Be6 21. Bg5 Kg7 22. Nf1 f6 23. Bd2 Ne7 24. Nh2 Ng8 25. Ng4 Rf8 26. Qg3 h5 27. Nh2 Rac8 28. f4 1/2-1/2

[Event "CZE-chT U20 final-A 1011"]
[Site "Czech Republic"]
[Date "2011.04.16"]
[Round "10.5"]
[White "Nespurek, Petr"]
[Black "Marek, Matyas"]
[Result "1/2-1/2"]
[WhiteElo "1745"]
[BlackElo "1809"]
[PlyCount "72"]
[EventDate "2010.10.02"]
[EventType "team-tourn"]
[EventRounds "11"]
[EventCountry "CZE"]
[SourceTitle "EXT 2012"]
[Source "ChessBase"]
[SourceDate "2011.11.24"]
[SourceVersion "1"]
[SourceVersionDate "2011.11.24"]
[SourceQuality "1"]
[WhiteTeam "Polabiny (U20)"]
[BlackTeam "Frydek Mistek (U20)"]
[WhiteTeamCountry "CZE"]
[BlackTeamCountry "CZE"]

1. e4 d6 2. d4 Nf6 3. Nc3 e5 4. dxe5 dxe5 5. Qxd8+ Kxd8 6. Bg5 Be6 7. 0-0-0+ Nbd7 8. Nf3 Bd6 9. a3 Ke7 10. Bd3 c6 11. Rd2 Rhd8 12. Rhd1 Nc5 13. Bf1 h6 14. Bxf6+ gxf6 15. Nh4 b5 16. b4 Nb7 17. Nf5+ Bxf5 18. exf5 a5 19. Ne4 axb4 20. axb4 Bxb4 21. Rxd8 Nxd8 22. Kb1 Nb7 23. c4 bxc4 24. Bxc4 Na5 25. Ba2 Ba3 26. Kc2 Nb7 27. Bxf7 Ra4 28. Be6 Nd6 29. Nxd6 Bxd6 30. Rb1 Ra7 31. Kd2 Bc5 32. f3 Kd6 33. Rb8 Rg7 34. Rg8 Rxg8 35. Bxg8 Bg1 36. h3 Kc5 1/2-1/2

[Event "Kouty nad Desnou op-A"]
[Site "Kouty nad Desnou"]
[Date "2011.03.19"]
[Round "9"]
[White "Rydl, Adolf"]
[Black "Nespurek, Petr"]
[Result "0-1"]
[WhiteElo "1786"]
[BlackElo "1765"]
[PlyCount "79"]
[EventDate "2011.03.12"]
[EventType "swiss"]
[EventRounds "9"]
[EventCountry "CZE"]
[SourceTitle "EXT 2014"]
[Source "ChessBase"]
[SourceDate "2013.11.20"]
[SourceVersion "1"]
[SourceVersionDate "2013.11.20"]
[SourceQuality "1"]

1. e4 e5 2. Nf3 Nf6 3. Nxe5 d6 4. Nf3 Nxe4 5. Nc3 Nxc3 6. dxc3 Be7 7. Be3 Be6 8. Qd2 Nc6 9. h3 a6 10. Ng5 h6 11. Nxe6 fxe6 12. Be2 0-0 13. Bg4 Rf6 14. 0-0-0 Ne5 15. Be2 Rf8 16. f4 Nc6 17. g4 e5 18. f5 Bh4 19. Bc4+ Kh8 20. Bxh6 Kh7 21. Be3 Ne7 22. Bg5 Bxg5 23. Qxg5 d5 24. Rhf1 c6 25. f6 gxf6 26. Rxf6 Rxf6 27. Qxf6 Qf8 28. Qh4+ Kg7 29. Rf1 Qe8 30. Qg5+ Kh7 31. Be2 Ng6 32. Qf5 Kg7 33. Qf6+ Kh7 34. Qf7+ Kh8 35. Qxb7 Nf4 36. Kd1 Rb8 37. Qxa6 Rxb2 38. Qa3 Qb8 39. Kd2 Kg7 40. h4 0-1

[Event "Kouty nad Desnou op-A"]
[Site "Kouty nad Desnou"]
[Date "2011.03.18"]
[Round "8"]
[White "Nespurek, Petr"]
[Black "Sedivy, Martin"]
[Result "1/2-1/2"]
[WhiteElo "1765"]
[BlackElo "1849"]
[PlyCount "64"]
[EventDate "2011.03.12"]
[EventType "swiss"]
[EventRounds "9"]
[EventCountry "CZE"]
[SourceTitle "EXT 2014"]
[Source "ChessBase"]
[SourceDate "2013.11.20"]
[SourceVersion "1"]
[SourceVersionDate "2013.11.20"]
[SourceQuality "1"]

1. e4 e5 2. Nf3 Nc6 3. Bc4 Bc5 4. c3 Nf6 5. d3 d6 6. Bg5 h6 7. Bh4 Be6 8. Bb3 Bxb3 9. axb3 g5 10. Bg3 Qe7 11. Nbd2 0-0-0 12. b4 Bb6 13. Nc4 d5 14. Nxb6+ axb6 15. Qe2 dxe4 16. dxe4 Nh5 17. Ra8+ Nb8 18. Bxe5 f6 19. Bg3 Rhe8 20. Nd2 Ng7 21. Nc4 Qe6 22. 0-0 h5 23. h3 f5 24. f3 f4 25. Bf2 g4 26. fxg4 hxg4 27. Bh4 Rd7 28. Rxf4 gxh3 29. gxh3 Qxh3 30. Qg4 Qd3 31. e5 b5 32. Rd4 Qf5 1/2-1/2

[Event "Kouty nad Desnou op-A"]
[Site "Kouty nad Desnou"]
[Date "2011.03.14"]
[Round "3"]
[White "Nespurek, Petr"]
[Black "Vecera, Petr"]
[Result "1/2-1/2"]
[WhiteElo "1765"]
[BlackElo "1950"]
[PlyCount "112"]
[EventDate "2011.03.12"]
[EventType "swiss"]
[EventRounds "9"]
[EventCountry "CZE"]
[SourceTitle "EXT 2014"]
[Source "ChessBase"]
[SourceDate "2013.11.20"]
[SourceVersion "1"]
[SourceVersionDate "2013.11.20"]
[SourceQuality "1"]

1. e4 e5 2. Nf3 Nc6 3. Bc4 Bc5 4. c3 Nf6 5. d3 d6 6. Be3 Bb6 7. h3 0-0 8. Nbd2 Be6 9. Bb3 d5 10. Bg5 Qd7 11. Bxf6 gxf6 12. exd5 Bxd5 13. Bxd5 Qxd5 14. Ne4 Qe6 15. Qd2 f5 16. Qg5+ Qg6 17. Nh4 Qxg5 18. Nxg5 f6 19. Ngf3 e4 20. dxe4 fxe4 21. Nd2 f5 22. Nc4 Rad8 23. Nxb6 axb6 24. Ke2 Kg7 25. Rad1 Kf6 26. g3 Ne5 27. b3 Rxd1 28. Rxd1 Nd3 29. f3 Rg8 30. Nxf5 exf3+ 31. Kxf3 Ne5+ 32. Ke4 Re8 33. Rf1 Kg5 34. Ng7 Re7 35. Rf5+ Kg6 36. Rxe5 Rxg7 37. g4 Rd7 38. Ke3 Rd1 39. Kf2 Rd2+ 40. Re2 Rd3 41. Re3 Rd2+ 42. Kg3 Rxa2 43. Re7 Ra3 44. Rxc7 Rxb3 45. Kh4 h6 46. Rxb7 Rxc3 47. Rxb6+ Kg7 48. Rb5 Kg6 49. Rb2 Ra3 50. Rg2 h5 51. Rb2 hxg4 52. hxg4 Ra6 53. Rb8 Kh6 54. Rb5 Kg6 55. g5 Ra4+ 56. Kg3 Rc4 1/2-1/2

[Event "CZE-chTW U20 1011"]
[Site "Czech Republic"]
[Date "2010.11.27"]
[Round "5.5"]
[White "Gregor, Jiri1111"]
[Black "Nespurek, Petr"]
[Result "1/2-1/2"]
[WhiteElo "1700"]
[BlackElo "1745"]
[PlyCount "68"]
[EventDate "2010.10.02"]
[EventType "team-tourn"]
[EventRounds "11"]
[EventCountry "CZE"]
[SourceTitle "EXT 2012"]
[Source "ChessBase"]
[SourceDate "2011.11.24"]
[SourceVersion "1"]
[SourceVersionDate "2011.11.24"]
[SourceQuality "1"]
[WhiteTeam "Rychnov nad Kneznou (U20)"]
[BlackTeam "Polabiny (U20)"]
[WhiteTeamCountry "CZE"]
[BlackTeamCountry "CZE"]

1. e4 e5 2. Nf3 Nf6 3. Nxe5 d6 4. Nf3 Nxe4 5. Qe2 Qe7 6. d3 Nf6 7. Bg5 Qxe2+ 8. Bxe2 Be7 9. 0-0 0-0 10. Nc3 c6 11. Rfe1 Bd7 12. Nd1 Na6 13. c3 Nc7 14. Ne3 Be6 15. Nd4 Nfd5 16. Nxd5 Nxd5 17. Bxe7 Nxe7 18. Nxe6 fxe6 19. Bg4 e5 20. d4 Ng6 21. dxe5 Nxe5 22. Be6+ Kh8 23. Rad1 Rad8 24. c4 Rfe8 25. f4 Rxe6 26. Rxe5 Rxe5 27. fxe5 d5 28. cxd5 Rxd5 29. Rxd5 cxd5 30. Kf2 Kg8 31. Ke3 Kf7 32. Kd3 Ke7 33. Ke3 Kd7 34. Kd3 Ke7 1/2-1/2